| 000 | 00798nam1a2200277 i 4500 | ||
|---|---|---|---|
| 001 | RU\NLR\bibl\487225 | ||
| 005 | 20240725174638.0 | ||
| 035 | _a(NLR Aleph) 000479923 | ||
| 090 |
_a1047158 _c1047158 |
||
| 100 | _a20040205g19069999u y0rusy50 ca | ||
| 101 | 0 | _arus | |
| 102 | _aRU | ||
| 105 | _a||||z ||||| | ||
| 200 | 1 |
_aСборник рассказов _fК.В. Люби |
|
| 210 |
_aТашкент _cТипо-лит. М.В. Кац-Нельсон _d[1906] |
||
| 215 | _d24 | ||
| 316 |
_aС автогр. авт. _5NLR |
||
| 463 | 0 | _1001463874 | |
| 686 | _aШ6(2=Р)53-4 | ||
| 700 | 1 |
_aЛюби _bК. В. _gКонстантин В. _4070 |
|
| 801 | 0 |
_aRU _bNLR _c20040205 _gPSBO |
|
| 801 | 1 |
_aRU _bNLR _c20040205 |
|
| 852 |
_aNLR _j38.64.5.79 |
||
| 942 | _cBOOK | ||